Histoire des Gaules : VIe s. av. J.-C. - VIe s. ap. J.-C. (notice n° 1925342)

détails MARC
000 -LEADER
fixed length control field 01581cam a2200157 4500500
005 - DATE AND TIME OF LATEST TRANSACTION
control field 20260329023203.0
041 ## - LANGUAGE CODE
Language code of text/sound track or separate title fre
042 ## - AUTHENTICATION CODE
Authentication code dc
100 10 - MAIN ENTRY--PERSONAL NAME
Personal name Delaplace, Christian
Relator term author
245 00 - TITLE STATEMENT
Title Histoire des Gaules : VIe s. av. J.-C. - VIe s. ap. J.-C.
260 ## - PUBLICATION, DISTRIBUTION, ETC.
Name of publisher, distributor, etc. Armand Colin,<br/>
Date of publication, distribution, etc. 2020.<br/>
520 ## - SUMMARY, ETC.
Summary, etc. Synthèse de douze siècles d’existence, cet ouvrage présente un bilan historique, politique et social des Gaules (transalpine, cisalpine, chevelue), de l’indépendance du VIe siècle avant J.-C. jusqu’à la naissance de la Francia mérovingienne au VIe siècle de notre ère. Née de la volonté de Rome – à laquelle des liens privilégiés l’attachèrent longtemps –, la « nation gauloise » constitua pendant plusieurs siècles un État tampon entre l’Empire et les barbares. Provincia dans l’Empire chrétien du ive siècle, avec la chute de ce dernier, elle voit s’effondrer les frontières qui contenaient les poussées de ceux qui deviendront ses nouveaux maîtres : Wisigoths puis Francs, annonciateurs d’un nouvel ordre soutenu par une christianisation toujours plus profonde et influente. Structures administratives, religieuses, économiques et de société sont ici étudiées chronologiquement, accompagnant les mutations politico-militaires de ces siècles d’intense bouleversement des frontières, des mentalités et des idées.
700 10 - ADDED ENTRY--PERSONAL NAME
Personal name Delaplace, Christine
Relator term author
700 10 - ADDED ENTRY--PERSONAL NAME
Personal name France, Jérôme
Relator term author
856 41 - ELECTRONIC LOCATION AND ACCESS
Uniform Resource Identifier <a href="https://shs.cairn.info/histoire-des-gaules--9782200626884?lang=fr&redirect-ssocas=7080">https://shs.cairn.info/histoire-des-gaules--9782200626884?lang=fr&redirect-ssocas=7080</a>

Pas d'exemplaire disponible.

PLUDOC

PLUDOC est la plateforme unique et centralisée de gestion des bibliothèques physiques et numériques de Guinée administré par le CEDUST. Elle est la plus grande base de données de ressources documentaires pour les Étudiants, Enseignants chercheurs et Chercheurs de Guinée.

Adresse

627 919 101/664 919 101

25 boulevard du commerce
Kaloum, Conakry, Guinée

Réseaux sociaux

Powered by Netsen Group @ 2025